|
|
|
|
| LEADER |
00000cam a2200000 a 4500 |
| 001 |
33018 |
| 005 |
20231024175447.0 |
| 008 |
963110|1960 ||||||||r|||||||||||spa|| |
| 040 |
|
|
|b spa
|
| 041 |
1 |
|
|a spa
|
| 082 |
0 |
|
|a 833.91
|
| 100 |
1 |
|
|a Dürrenmatt, Friedrich
|9 6500
|
| 245 |
|
|
|a Un ángel en Babilonia.
|b Comedia en tres actos
|c Friedrich Dürrenmatt, versión de Alfredo Cahn
|h imp
|
| 264 |
|
|
|a Buenos Aires
|b Sur
|c 1960
|
| 300 |
|
|
|a 138 páginas:
|c 20 cm
|
| 650 |
1 |
4 |
|a Teatro alemán
|9 5694
|
| 852 |
|
|
|a UC-CDJBV
|c TERCER PISO
|f Compra
|k margarita.gutierrez
|l 1
|m General
|p 19631108
|q 23,00
|r 8
|t 33018
|b 0
|d CDRC
|e CDRC
|g 833.91 TERCER PISO
|z 1963-31-10
|
| 942 |
|
|
|c BK
|
| 999 |
|
|
|c 2700
|d 2700
|